Statistics for Boston Celtics Top 25 Players of All Time

Click here to take the quiz!

General Stats

  • This quiz has been taken 59 times
  • The average score is 16 of 25

Answer Stats

Position Player % Correct
SFLarry Bird
98%
CBill Russell
94%
PFKevin Garnett
91%
SFPaul Pierce
91%
SFJohn Havlicek
89%
PGRajon Rondo
87%
PGBob Cousy
87%
PFKevin McHale
85%
CRobert Parish
81%
SGRay Allen
81%
PGDennis Johnson
74%
PGK. C. Jones
66%
PGSam Jones
64%
SGDanny Ainge
60%
PFDave Cowens
60%
PGIsaiah Thomas
60%
PGJo Jo White
53%
SFAntoine Walker
51%
CTom Heinsohn
49%
PFCedric Maxwell
45%
CBill Walton
43%
SGBill Sharman
36%
PGNate Archibald
34%
SFReggie Lewis
34%
SGPete Maravich
9%

Score Distribution

Percentile by Number Answered

Percent of People with Each Score

Your Score History

You have not taken this quiz